Recuerdos de la escuela

Saved in:
Bibliografiske detaljer
Hovedforfatter: Orrego Luco, Augusto (autor)
Format: Bog
Sprog:spansk
Udgivet: Santiago Del Pacífico 1922
Udgivelse:1a. ed
Fag:
Tags: Tilføj Tag
Ingen Tags, Vær først til at tagge denne postø!

MARC

LEADER 00000cam a2200000 a 4500
001 UCH2194
003 CL-VaPUC
008 090604e19220000CL |||||||||||||||||spa|d
082 0 4 |a 928  |b ORR  |2 21 
100 |a Orrego Luco, Augusto  |e autor  |9 339561 
245 1 0 |a Recuerdos de la escuela 
250 |a 1a. ed 
300 |a 147 p 
942 |c BK 
945 |d 20090604 00:00:00  |a rbrito 
260 |a Santiago  |b Del Pacífico  |c 1922 
650 0 |a Autobiografías   |9 265171 
583 |a last modification  |c 20150407 01:20:46  |k Rodrigo Vera 
999 |c 333982  |d 333980 
952 |0 0  |1 0  |4 0  |6 928_000000000000000_ORR_1922  |7 0  |8 X  |9 422678  |a FDOBUD  |b FDOBUD  |d 2019-11-22  |i 4556844  |o 928 ORR 1922  |p 4556844  |r 2019-11-22  |w 2019-11-22  |y BK_X  |k BUD 
952 |0 0  |1 0  |3 erb  |4 0  |6 928_000000000000000_ORR_1922  |7 0  |8 X  |9 422679  |a FDOBUD  |b FDOBUD  |i 5157579  |o 928 ORR 1922  |p 5157579  |r 2019-11-22  |w 2019-11-22  |y BK_X  |z Catalogado en:20150409  |k BUD